00919nam a2200241 a 4500001001000000003000500010005001700015008004100032010001100073011001100084040000900095100002800104245016900132260004100301500006000342502008500402650003400487650001400521650002400535650002500559650002300584856007000607000111493CHAP20220329144214.0150512s2015 mx a fsm |||||||spa d a107955 a108927 cCHAP1 aMorales Licona, Gerardo10aOptimización de la nixtamalización de cebada maltera (Hordeum vulgare L.) y su aplicación en galleta integral dulceh[En línea]cpor Gerardo Morales Licona. aChapingo, Méx. :bEl autor,c2015. aPara ver el contenido del material haga clic en la liga aTesis (Ing. Agroindustrial) -- UACH. Departamento de Ingeniería Agroindustrial14aCebada malteraxSubproductos.14aGalletas.14aHarina de cereales.14aHarinaxProteínas.14aNixtamalización. aFinding aiduhttp://10.13.5.2/tesis/sist111493.pdfzTeclea aquí